LIBRARY & INFORMATION CENTRE, KCAET, TAVANUR

ONLINE PUBLIC ACCESS CATALOGUE (OPAC)

Development and performance evaluation of plantain peeler cum slicer (Record no. 15096)

MARC details
000 -LEADER
fixed length control field 00602nam a22001697a 4500
003 - CONTROL NUMBER IDENTIFIER
control field OSt
088 ## - REPORT NUMBER
Report number P 214
100 ## - MAIN ENTRY--AUTHOR NAME
Personal name ASWATHI K. B
-- INDULEKSHMI
245 ## - TITLE STATEMENT
Title Development and performance evaluation of plantain peeler cum slicer
260 ## - PUBLICATION, DISTRIBUTION, ETC. (IMPRINT)
Place of publication Tavanur 2010
Name of publisher Kelappaji College of Agricultural Engineering and Technnology
300 ## - PHYSICAL DESCRIPTION
Number of Pages 45
500 ## - GENERAL NOTE
General note Development and performance evaluation of plantain peeler cum slicer
520 ## - SUMMARY, ETC.
Summary, etc Development and performance evaluation of plantain peeler cum slicer
700 ## - ADDED ENTRY--PERSONAL NAME
Personal name Er. Rajesh G. K (Guide)
942 ## - ADDED ENTRY ELEMENTS (KOHA)
Koha item type Project Report

No items available.

free website counter